<?xml version="1.0" encoding="UTF-8"?>
<record
    xmlns:xsi="http://www.w3.org/2001/XMLSchema-instance"
    xsi:schemaLocation="http://www.loc.gov/MARC21/slim http://www.loc.gov/standards/marcxml/schema/MARC21slim.xsd"
    xmlns="http://www.loc.gov/MARC21/slim">

  <leader>02329nam a22002177a 4500</leader>
  <controlfield tag="005">20250402101610.0</controlfield>
  <controlfield tag="008">250315b           ||||| |||| 00| 0 eng d</controlfield>
  <datafield tag="020" ind1=" " ind2=" ">
    <subfield code="a">9781032450353</subfield>
  </datafield>
  <datafield tag="040" ind1=" " ind2=" ">
    <subfield code="c">AIMIT LIBRARY</subfield>
  </datafield>
  <datafield tag="082" ind1=" " ind2=" ">
    <subfield code="2">6</subfield>
    <subfield code="a">658.84</subfield>
    <subfield code="b">CHAD</subfield>
  </datafield>
  <datafield tag="100" ind1=" " ind2=" ">
    <subfield code="a">Chaffey, Dave.</subfield>
    <subfield code="9">206545</subfield>
  </datafield>
  <datafield tag="245" ind1=" " ind2=" ">
    <subfield code="a">Digital marketing excellence :</subfield>
    <subfield code="b">planning, optimizing and integrating online maketing  /</subfield>
    <subfield code="c">By Dave Chaffey and PR Smith.</subfield>
  </datafield>
  <datafield tag="250" ind1=" " ind2=" ">
    <subfield code="a">6th ed.</subfield>
  </datafield>
  <datafield tag="260" ind1=" " ind2=" ">
    <subfield code="a">New York :</subfield>
    <subfield code="b">Routledge ,</subfield>
    <subfield code="c">2023.</subfield>
  </datafield>
  <datafield tag="300" ind1=" " ind2=" ">
    <subfield code="a">xxxvi,638p. ;</subfield>
    <subfield code="b">PB</subfield>
    <subfield code="c">24 cm</subfield>
  </datafield>
  <datafield tag="500" ind1=" " ind2=" ">
    <subfield code="a">Now in its sixth edition, the hugely popular Digital Marketing Excellence is a practical guide to creating and executing integrated digital marketing plans, combining established approaches to marketing planning with the creative use of new digital models and digital tools.&#x3000;

Written by two highly experienced digital marketing consultants, the book shows you how to:

Draw up an outline integrated digital marketing plan
Evaluate and apply digital marketing principles and models
Integrate online and offline communications
Implement customer-driven digital marketing as part of digital transformation
Reduce costly trial and error
Measure and enhance your digital marketing
Learn best practices for reaching and engaging your audiences using the key digital marketing platforms.
This new edition has been streamlined to seamlessly integrate the latest developments in digital analytics, ethics and privacy, Predictive Analytics, Machine Learning and Artificial Intelligence. Including new international case studies and up-to-date examples throughout, this book cuts through the jargon to show marketers how to leverage data and digital technologies to their advantage.

Offering a highly structured and accessible guide to a critical and far-reaching subject, Digital Marketing Excellence, 6th edition, provides a vital reference point for all digital marketing students, and managers involved in digital marketing strategy and implementation.

Online resources have been fully updated for the new edition and include a new set of PowerPoint slides and a full test bank of questions and exercises.</subfield>
  </datafield>
  <datafield tag="650" ind1=" " ind2=" ">
    <subfield code="a">Marketing excellence.</subfield>
    <subfield code="9">206546</subfield>
  </datafield>
  <datafield tag="650" ind1=" " ind2=" ">
    <subfield code="a">Planning optimizing.</subfield>
    <subfield code="9">206547</subfield>
  </datafield>
  <datafield tag="700" ind1=" " ind2=" ">
    <subfield code="a">Smith, PR.</subfield>
    <subfield code="e">Author</subfield>
    <subfield code="9">206548</subfield>
  </datafield>
  <datafield tag="942" ind1=" " ind2=" ">
    <subfield code="2">ddc</subfield>
    <subfield code="c">BK</subfield>
    <subfield code="e">6th </subfield>
    <subfield code="k">658.84 CHAD</subfield>
  </datafield>
  <datafield tag="999" ind1=" " ind2=" ">
    <subfield code="c">233960</subfield>
    <subfield code="d">233960</subfield>
  </datafield>
  <datafield tag="952" ind1=" " ind2=" ">
    <subfield code="0">0</subfield>
    <subfield code="1">0</subfield>
    <subfield code="2">ddc</subfield>
    <subfield code="4">0</subfield>
    <subfield code="7">0</subfield>
    <subfield code="8">MBA</subfield>
    <subfield code="a">AIMIT</subfield>
    <subfield code="b">AIMIT</subfield>
    <subfield code="c">MKG</subfield>
    <subfield code="d">2025-03-11</subfield>
    <subfield code="e">Biblos Book Point</subfield>
    <subfield code="g">1150.00</subfield>
    <subfield code="i">Bill no:7073;Bill dt:2025-02-28</subfield>
    <subfield code="l">0</subfield>
    <subfield code="o">658.84 CHAD</subfield>
    <subfield code="p">MBA14812</subfield>
    <subfield code="r">2025-07-21 00:00:00</subfield>
    <subfield code="v">897.00</subfield>
    <subfield code="w">2025-03-15</subfield>
    <subfield code="y">BK</subfield>
  </datafield>
</record>
